[Event "16th Unive op"]
[Site "Hoogeveen NED"]
[Date "2012.10.19"]
[Round "1.36"]
[White "Padurariu, Ioana-Smaranda"]
[Black "Majhi, Ankit"]
[Result "1/2-1/2"]
[WhiteElo "2236"]
[BlackElo "1923"]
[EventDate "2012.10.19"]
[PlyCount "82"]

1.e4 e5 2.Nf3 Nc6 3.Bb5 a6 4.Ba4 Nf6 5.d3 b5 6.Bb3 Be7 7.O-O O-O 8.Re1 Bb7
9.Nbd2 h6 10.Nf1 Re8 11.Ne3 Bf8 12.Bd2 g6 13.h3 Bg7 14.Nd5 Nxd5 15.Bxd5 
Qe7 16.Nh2 Nd8 17.a4 c6 18.Bb3 Ne6 19.c3 Nc5 20.Bc2 d6 21.b4 Ne6 22.Bb3 
Qc7 23.Qf3 c5 24.Bd5 cxb4 25.Bxe6 bxc3 26.Bxf7+ Qxf7 27.Bxc3 bxa4 28.Qxf7+
Kxf7 29.Rxa4 Bc6 30.Ra2 Bb5 31.Rd1 d5 32.Nf3 Bf6 33.Ba5 Ke6 34.Ne1 Bd8 35.
Bd2 g5 36.Rb1 Bb6 37.Nc2 Rf8 38.Be1 Bc5 39.exd5+ Kxd5 40.Rb3 Rac8 41.Kh2 
Ke6 1/2-1/2

[Event "16th Unive op"]
[Site "Hoogeveen NED"]
[Date "2012.10.19"]
[Round "1.37"]
[White "Djuric, Olgica"]
[Black "Donker, Roel"]
[Result "0-1"]
[WhiteElo "1880"]
[BlackElo "2228"]
[EventDate "2012.10.19"]
[PlyCount "58"]

1.d4 Nf6 2.Nf3 e6 3.Bf4 c5 4.e3 b6 5.c4 Bb7 6.Nc3 cxd4 7.Nxd4 a6 8.Qb3 d6 
9.O-O-O Nh5 10.Bg3 Nxg3 11.hxg3 Nd7 12.Qc2 h6 13.e4 Qc7 14.f4 O-O-O 15.Be2
g6 16.Rhe1 h5 17.Rh1 Be7 18.Rd2 Nf6 19.b3 Kb8 20.Bf3 Ng4 21.Bxg4 hxg4 22.
Qd1 Rxh1 23.Qxh1 d5 24.exd5 exd5 25.Qf1 dxc4 26.Qxc4 Qd7 27.Kb2 Qd6 28.Nb1
Bf6 29.Nc3 Bxd4 0-1

[Event "16th Unive op"]
[Site "Hoogeveen NED"]
[Date "2012.10.19"]
[Round "1.38"]
[White "Van Foreest, Jorden"]
[Black "Kazarian, Anna-Maja"]
[Result "1-0"]
[WhiteElo "2225"]
[BlackElo "1864"]
[EventDate "2012.10.19"]
[PlyCount "137"]

1.Nf3 c5 2.g3 Nc6 3.c4 Nf6 4.Bg2 e6 5.O-O d5 6.cxd5 exd5 7.d4 Qb6 8.Nc3 c4
9.Ne5 Qxd4 10.Qxd4 Nxd4 11.Nxd5 Nxe2+ 12.Kh1 Nxd5 13.Bxd5 Be6 14.Bxe6 fxe6
15.Be3 Rd8 16.Rad1 Rd5 17.Rxd5 exd5 18.Re1 d4 19.Rxe2 dxe3 20.Nxc4 Bc5 21.
Nxe3 Kd7 22.Nc4 Rf8 23.Kg2 Kc7 24.f4 Rf6 25.Kf3 b5 26.Nd2 Ra6 27.Ne4 Bd4 
28.Rc2+ Rc6 29.Rd2 Bc5 30.Rd5 Bg1 31.Rxb5 Rc2 32.h4 Bd4 33.Ng5 Bxb2 34.
Nxh7 Bc3 35.Rb3 a5 36.Ng5 Kc6 37.Ne4 Bd4 38.a3 Ra2 39.g4 Bb2 40.a4 Ba1 41.
Nc3 Rh2 42.Ne2 Rh3+ 43.Ng3 Rxh4 44.Rb1 Bd4 45.Nf5 Rh3+ 46.Ke4 Bc3 47.Rb3 
Kc5 48.Rb5+ Kc6 49.Rb3 Kc5 50.Rb5+ Kc6 51.Nd4+ Kd6 52.Rd5+ Kc7 53.Nb5+ Kb6
54.Nxc3 Rxc3 55.Rb5+ Ka6 56.Rg5 Rc4+ 57.Kf5 Rxa4 58.Rg6+ Kb5 59.Rxg7 Rc4 
60.g5 a4 61.Ra7 Kb6 62.Ra8 Kb7 63.Rd8 Kc7 64.Rd3 Rc5+ 65.Kf6 Ra5 66.g6 a3 
67.g7 a2 68.Rd1 Ra8 69.Kf7 1-0

[Event "16th Unive op"]
[Site "Hoogeveen NED"]
[Date "2012.10.20"]
[Round "2.1"]
[White "l`Ami, Erwin"]
[Black "Bezemer, Arno J"]
[Result "1-0"]
[WhiteElo "2631"]
[BlackElo "2329"]
[EventDate "2012.10.19"]
[PlyCount "39"]

1.Nf3 c5 2.c4 Nc6 3.Nc3 e5 4.e3 Nf6 5.d4 cxd4 6.exd4 e4 7.Ne5 Qa5 8.c5 d5 
9.Bb5 Bd7 10.Nxd7 Nxd7 11.O-O O-O-O 12.Bxc6 bxc6 13.Rb1 Be7 14.b4 Qc7 15.
b5 Nb8 16.Qg4+ Qd7 17.Qg3 Qe6 18.Bf4 Nd7 19.bxc6 Qxc6 20.Nb5 1-0

[Event "16th Unive op"]
[Site "Hoogeveen NED"]
[Date "2012.10.20"]
[Round "2.2"]
[White "Hopman, Pieter"]
[Black "Grandelius, Nils"]
[Result "1/2-1/2"]
[WhiteElo "2344"]
[BlackElo "2593"]
[EventDate "2012.10.19"]
[PlyCount "118"]

1.Nf3 d5 2.d4 Nf6 3.c4 c6 4.e3 e6 5.Bd3 Nbd7 6.O-O dxc4 7.Bxc4 b5 8.Bd3 a6
9.a4 Bb7 10.e4 Be7 11.axb5 axb5 12.Rxa8 Bxa8 13.Re1 O-O 14.e5 Nd5 15.Nc3 
Nxc3 16.bxc3 Nb6 17.Qc2 g6 18.Bh6 Re8 19.h4 Bxh4 20.Nxh4 Qxh4 21.Qc1 c5 
22.Bxb5 Qg4 23.Qg5 Qxg5 24.Bxg5 Rc8 25.Ba6 Rc6 26.Bb5 Rc8 27.Ba6 Rc6 28.
Rb1 cxd4 29.cxd4 Nd7 30.Ra1 Rc7 31.Bb5 Bd5 32.Ra6 Rb7 33.Ba4 Nb6 34.Kh2 
Nxa4 35.Rxa4 Kg7 36.g4 Rb2 37.Kg3 Rb3+ 38.Be3 g5 39.Ra1 h6 40.Rc1 Ra3 41.
Re1 Kg6 42.Rc1 Ra8 43.Rf1 Be4 44.Re1 Bd5 45.Rf1 h5 46.gxh5+ Kxh5 47.Rc1 
Be4 48.Re1 Ra3 49.Rc1 Ra8 50.Re1 Bf5 51.Kf3 Kg6 52.Rg1 g4+ 53.Kf4 f6 54.f3
fxe5+ 55.Kxe5 Ra5+ 56.Kf4 e5+ 57.dxe5 Ra4+ 58.Kg3 Ra3 59.Re1 gxf3 1/2-1/2

[Event "16th Unive op"]
[Site "Hoogeveen NED"]
[Date "2012.10.20"]
[Round "2.4"]
[White "Ernst, Sipke"]
[Black "Johansson, Linus"]
[Result "1-0"]
[WhiteElo "2554"]
[BlackElo "2287"]
[EventDate "2012.10.19"]
[PlyCount "131"]

1.d4 Nf6 2.c4 e6 3.Nc3 Bb4 4.g3 c5 5.Nf3 cxd4 6.Nxd4 O-O 7.Bg2 d5 8.cxd5 
Nxd5 9.Bd2 Nb6 10.Nc2 Be7 11.O-O Nc6 12.b3 Bd7 13.Be3 Bf6 14.Qd2 Bxc3 15.
Qxc3 Nd5 16.Bxd5 exd5 17.Rfd1 Be6 18.Bd4 Qg5 19.Rd2 h5 20.Rad1 Rac8 21.Qe3
Qg6 22.Qf4 Rfe8 23.Ne3 Bg4 24.f3 Be6 25.Kf2 a6 26.Bb2 Ne7 27.Ba3 Nf5 28.
Nxf5 Qxf5 29.Qxf5 Bxf5 30.Rxd5 Rc2 31.R1d2 Rxd2 32.Rxd2 Rc8 33.e4 Be6 34.
Bb2 b5 35.Ke3 a5 36.f4 f6 37.Rd6 Bf7 38.Kd2 a4 39.bxa4 bxa4 40.a3 Bb3 41.
Bc3 Rc7 42.Ra6 Kh7 43.Ra5 Kg6 44.h3 Rd7+ 45.Ke3 Bc2 46.Bd4 Rb7 47.f5+ Kh7 
48.Kf4 Rd7 49.Bb2 Rb7 50.Bd4 Rd7 51.Bc5 Rd3 52.Ra7 Bd1 53.e5 Rf3+ 54.Ke4 
fxe5 55.Rd7 Rf1 56.Kxe5 Kg8 57.Bb4 Rg1 58.Kf4 Bc2 59.g4 hxg4 60.hxg4 Rd1 
61.Rc7 Bb1 62.Bc3 g6 63.f6 Rf1+ 64.Kg5 Rf3 65.Rg7+ Kh8 66.f7 1-0

[Event "16th Unive op"]
[Site "Hoogeveen NED"]
[Date "2012.10.20"]
[Round "2.5"]
[White "Brynell, Stellan"]
[Black "Lorscheid, Gerhard"]
[Result "1-0"]
[WhiteElo "2500"]
[BlackElo "2267"]
[EventDate "2012.10.19"]
[PlyCount "93"]

1.d4 d5 2.c4 c6 3.Nf3 Nf6 4.Nc3 a6 5.a4 e6 6.g3 dxc4 7.e4 Bb4 8.e5 Nd5 9.
Bd2 Bxc3 10.bxc3 b5 11.Ng5 Ra7 12.Qh5 h6 13.Ne4 O-O 14.Bg2 f5 15.Nd6 Bd7 
16.O-O Be8 17.Qd1 Nb6 18.Qc2 Rc7 19.Bc1 Kh7 20.Ba3 Bg6 21.f4 Nxa4 22.Nxc4 
c5 23.dxc5 Nxc5 24.Rfd1 Nbd7 25.Na5 Qc8 26.Bb4 Rf7 27.Rd6 Nf8 28.Rad1 Rfd7
29.Qf2 Ne4 30.Bxe4 fxe4 31.Qd4 h5 32.h3 Kg8 33.Kh2 Bf5 34.Rd2 Qe8 35.Qe3 
Ng6 36.Qd4 Nf8 37.Nb3 Rc4 38.Rxd7 Rxd4 39.R7xd4 Qc6 40.Rd8 e3 41.Re2 Kh7 
42.Nd4 Qc4 43.Rxe3 Bd3 44.Nf3 Qa2+ 45.Kg1 Qb1+ 46.Re1 Qc2 47.Rxf8 1-0

[Event "16th Unive op"]
[Site "Hoogeveen NED"]
[Date "2012.10.20"]
[Round "2.11"]
[White "Kerigan, Demre"]
[Black "Vedder, Henk"]
[Result "1/2-1/2"]
[WhiteElo "2238"]
[BlackElo "2378"]
[EventDate "2012.10.19"]
[PlyCount "123"]

1.e4 e6 2.d4 d5 3.Nc3 Bb4 4.e5 c5 5.a3 Bxc3+ 6.bxc3 Qa5 7.Bd2 Qa4 8.Qg4 
Kf8 9.Qd1 b6 10.c4 Ba6 11.dxc5 Nd7 12.cxb6 Nxe5 13.Bb4+ Ne7 14.cxd5 Bxf1 
15.Kxf1 axb6 16.Qd4 Qb5+ 17.Ne2 Qxd5 18.Qxd5 exd5 19.Nd4 Ra7 20.Re1 f6 21.
f4 Ng6 22.Nc6 Rc7 23.f5 Rxc6 24.fxg6 Rc7 25.Kf2 Ke8 26.Re6 Kd8 27.c4 Nxg6 
28.cxd5 Rc2+ 29.Kg3 Kc7 30.Rhe1 Rd8 31.d6+ Kc6 32.h3 h5 33.R1e2 h4+ 34.Kg4
Rc4+ 35.R6e4 b5 36.Rxc4+ bxc4 37.Kf5 Ne5 38.Re4 Rh8 39.Bc3 Kxd6 40.Bxe5+ 
fxe5 41.Rxc4 Kd5 42.Ra4 Rf8+ 43.Kg4 e4 44.Ra7 Rf2 45.Kxh4 Rxg2 46.Re7 g5+ 
47.Kh5 Rg3 48.a4 Rxh3+ 49.Kxg5 Rg3+ 50.Kf4 Rf3+ 51.Kg4 Rf8 52.a5 Kd4 53.a6
Rg8+ 54.Kf4 Rf8+ 55.Kg3 Ke3 56.a7 Rg8+ 57.Kh2 Kf2 58.Rf7+ Ke2 59.Rb7 Ra8 
60.Kg2 e3 61.Rb2+ Kd3 62.Rb3+ 1/2-1/2

[Event "16th Unive op"]
[Site "Hoogeveen NED"]
[Date "2012.10.20"]
[Round "2.12"]
[White "Willemze, Thomas"]
[Black "Van Foreest, Jorden"]
[Result "1/2-1/2"]
[WhiteElo "2377"]
[BlackElo "2225"]
[EventDate "2012.10.19"]
[PlyCount "38"]

1.e4 e5 2.Nf3 Nc6 3.Nc3 Nf6 4.Bb5 Bd6 5.a3 O-O 6.d3 Re8 7.Bc4 Nd4 8.O-O c6
9.Ng5 Re7 10.f4 exf4 11.Bxf4 Bxf4 12.Rxf4 d5 13.exd5 cxd5 14.Rxf6 gxf6 15.
Qh5 fxg5 16.Qxg5+ Kf8 17.Qh6+ Kg8 18.Qg5+ Kf8 19.Qh6+ Kg8 1/2-1/2

[Event "16th Unive op"]
[Site "Hoogeveen NED"]
[Date "2012.10.20"]
[Round "2.13"]
[White "Donker, Roel"]
[Black "l`Ami, Alina"]
[Result "0-1"]
[WhiteElo "2228"]
[BlackElo "2376"]
[EventDate "2012.10.19"]
[PlyCount "72"]

1.d4 Nf6 2.c4 g6 3.g3 Bg7 4.Bg2 O-O 5.Nc3 d6 6.Nf3 c6 7.O-O Bf5 8.Ne1 Be6 
9.b3 d5 10.cxd5 cxd5 11.e3 Bg4 12.f3 Bf5 13.g4 Bc8 14.Nd3 Nc6 15.Bd2 b6 
16.b4 Qd6 17.Qe2 Bb7 18.Be1 Rfc8 19.Bg3 Qd7 20.Rac1 Ne8 21.Kh1 e6 22.f4 
Nd6 23.Bh3 Ba6 24.a3 Ne4 25.Nb1 Nd8 26.Rfd1 Rxc1 27.Rxc1 Rc8 28.Rxc8 Qxc8 
29.Bf1 Bb5 30.Qb2 Nb7 31.Be1 Nbd6 32.Kg1 Nc4 33.Qc2 Qa6 34.Ne5 Nxe5 35.
Bxb5 Nf3+ 36.Kh1 Qxb5 0-1

[Event "16th Unive op"]
[Site "Hoogeveen NED"]
[Date "2012.10.20"]
[Round "2.14"]
[White "De Jong, Migchiel"]
[Black "De Ruiter, Danny"]
[Result "1-0"]
[WhiteElo "2369"]
[BlackElo "2182"]
[EventDate "2012.10.19"]
[PlyCount "61"]

1.e4 c5 2.Nf3 e6 3.g3 Nc6 4.Bg2 Nge7 5.O-O d6 6.c3 g6 7.d4 cxd4 8.Nxd4 a6 
9.c4 Bg7 10.Be3 O-O 11.Nc3 Bd7 12.Nxc6 Bxc6 13.Qd2 b5 14.cxb5 axb5 15.Rfd1
Qc7 16.Qxd6 Qxd6 17.Rxd6 b4 18.Nd1 Ra5 19.Bb6 Rb5 20.Bd8 Nc8 21.Rd2 Rc5 
22.Ne3 Ba4 23.Re1 g5 24.h4 h6 25.hxg5 hxg5 26.Bf1 Bc6 27.f3 Re8 28.Ng4 f5 
29.exf5 Rxf5 30.Bc4 Rxf3 31.Rxe6 1-0

[Event "16th Unive op"]
[Site "Hoogeveen NED"]
[Date "2012.10.20"]
[Round "2.15"]
[White "Wiersma, Eelke"]
[Black "Van Osch, Mees"]
[Result "1-0"]
[WhiteElo "2367"]
[BlackElo "2083"]
[EventDate "2012.10.19"]
[PlyCount "77"]

1.d4 Nf6 2.c4 e5 3.dxe5 Ng4 4.Bf4 Nc6 5.Nf3 Bb4+ 6.Nc3 Qe7 7.Qd5 f6 8.exf6
Nxf6 9.Qd3 Ne4 10.g3 d6 11.Bg2 O-O 12.O-O Nxc3 13.bxc3 Bc5 14.Nd4 Ne5 15.
Qe4 c6 16.Rab1 Qc7 17.Rbd1 Bd7 18.Qc2 Rae8 19.Bxe5 dxe5 20.Nb3 Be7 21.Be4 
g6 22.Qd3 Be6 23.Bxg6 Rd8 24.Qe4 Bg5 25.Rxd8 Bxd8 26.Bh5 Qg7 27.Bf3 Bb6 
28.c5 Bc7 29.Qe3 a5 30.Nc1 Rf4 31.Be4 Bd5 32.Bxd5+ cxd5 33.Rd1 d4 34.cxd4 
exd4 35.Qe6+ Kh8 36.Nd3 Rf8 37.Rb1 Rf6 38.Qd5 Bb8 39.Qxd4 1-0

[Event "16th Unive op"]
[Site "Hoogeveen NED"]
[Date "2012.10.20"]
[Round "2.16"]
[White "Kollen, Zyon"]
[Black "Schoorl, Rob"]
[Result "0-1"]
[WhiteElo "2174"]
[BlackElo "2363"]
[EventDate "2012.10.19"]
[PlyCount "74"]

1.e4 e5 2.Nf3 Nc6 3.Bc4 Nf6 4.Ng5 d5 5.exd5 Na5 6.Bb5+ c6 7.dxc6 bxc6 8.
Bd3 Nd5 9.Nf3 Bd6 10.O-O O-O 11.Re1 Re8 12.Nc3 f5 13.Nxd5 cxd5 14.Bb5 Bd7 
15.Bxd7 Qxd7 16.d4 e4 17.Ne5 Bxe5 18.dxe5 d4 19.f4 Rac8 20.b3 Red8 21.Qd2 
Nb7 22.Bb2 Nc5 23.Red1 Ne6 24.g3 Qc6 25.Rac1 g5 26.fxg5 Qc5 27.Qf2 Qxe5 
28.Rf1 Rf8 29.Rcd1 Rcd8 30.Qe2 e3 31.c3 Qe4 32.cxd4 f4 33.Rd3 Nc5 34.Rc3 
Ne6 35.Rd3 Nxg5 36.h4 fxg3 37.hxg5 Rf2 0-1

[Event "16th Unive op"]
[Site "Hoogeveen NED"]
[Date "2012.10.20"]
[Round "2.17"]
[White "Guramishvili, Sopiko"]
[Black "Ritsema, Ronald JE"]
[Result "1-0"]
[WhiteElo "2418"]
[BlackElo "2058"]
[EventDate "2012.10.19"]
[PlyCount "69"]

1.c4 Nf6 2.Nf3 g6 3.b4 Bg7 4.Bb2 O-O 5.e3 b6 6.Be2 Bb7 7.O-O d6 8.d4 e6 9.
Nbd2 Nbd7 10.Qc2 c5 11.a3 Qe7 12.Nb3 Rac8 13.Rfe1 d5 14.dxc5 bxc5 15.b5 
Rfd8 16.a4 dxc4 17.Na5 Be4 18.Qxc4 Bd5 19.Qc1 Qd6 20.Nc4 Qb8 21.Nfe5 Ne4 
22.Nxd7 Rxd7 23.Bxg7 Kxg7 24.Qb2+ Kg8 25.Ne5 Rb7 26.f3 Nd6 27.e4 Bc6 28.
Ng4 h5 29.Nf6+ Kf8 30.Qd2 Be8 31.Rad1 Kg7 32.Qc3 Kh6 33.Qd2+ Kg7 34.Qg5 a6
35.Qe5 1-0

[Event "16th Unive op"]
[Site "Hoogeveen NED"]
[Date "2012.10.20"]
[Round "2.18"]
[White "Baskin, Robert"]
[Black "Okkes, Menno"]
[Result "0-1"]
[WhiteElo "2071"]
[BlackElo "2368"]
[EventDate "2012.10.19"]
[PlyCount "70"]

1.e4 e5 2.Nf3 Nc6 3.Bb5 a6 4.Ba4 Nf6 5.d3 b5 6.Bb3 Bc5 7.O-O d6 8.c3 Bb6 
9.Nbd2 O-O 10.h3 Be6 11.Bc2 h6 12.Re1 Re8 13.Nf1 d5 14.exd5 Qxd5 15.Ng3 
Rad8 16.Be3 Bxe3 17.fxe3 Qd6 18.e4 Ne7 19.d4 Ng6 20.Ne2 Bc4 21.b3 Bxe2 22.
Qxe2 Qc6 23.Qd3 exd4 24.cxd4 Nf4 25.Qd2 Nxe4 26.Qxf4 Qxc2 27.Ne5 Nf6 28.
Rac1 Qxa2 29.Rxc7 Qxb3 30.Rf1 Rf8 31.Ra7 Qd5 32.Nf3 Qd6 33.Qf5 Rd7 34.Rxd7
Qxd7 35.Qf4 Rd8 0-1

[Event "16th Unive op"]
[Site "Hoogeveen NED"]
[Date "2012.10.20"]
[Round "2.20"]
[White "Ben Artzi, Ido"]
[Black "Lee, Kai Jie Edward"]
[Result "0-1"]
[WhiteElo "2286"]
[BlackElo "2143"]
[EventDate "2012.10.19"]
[PlyCount "64"]

1.d4 Nf6 2.c4 e6 3.Nc3 Bb4 4.e3 O-O 5.Bd3 d5 6.Nf3 c5 7.O-O dxc4 8.Bxc4 
Nbd7 9.Qe2 b6 10.d5 Bxc3 11.dxe6 Ne5 12.bxc3 Nxf3+ 13.Qxf3 Bxe6 14.Bxe6 
fxe6 15.c4 Qd3 16.Bb2 Qxc4 17.Bxf6 Rae8 18.Qb7 Rxf6 19.Qxa7 e5 20.Rad1 Qg4
21.Qc7 Qc8 22.Qa7 Qc6 23.Qa6 b5 24.Qa5 c4 25.Rb1 c3 26.Rfc1 c2 27.Rb2 Rd6 
28.Qe1 Rc8 29.Qe2 Qc4 30.Qe1 Qd3 31.f3 Qd2 32.Kf1 Qxc1 0-1

[Event "16th Unive op"]
[Site "Hoogeveen NED"]
[Date "2012.10.20"]
[Round "2.21"]
[White "Schoehuys, Erik"]
[Black "Padurariu, Ioana-Smaranda"]
[Result "1/2-1/2"]
[WhiteElo "2123"]
[BlackElo "2236"]
[EventDate "2012.10.19"]
[PlyCount "67"]

1.d4 Nf6 2.c4 e6 3.Nc3 Bb4 4.Qc2 O-O 5.a3 Bxc3+ 6.Qxc3 b5 7.cxb5 c6 8.a4 
cxb5 9.axb5 Ne4 10.Qc2 Bb7 11.Nf3 Qb6 12.e3 a6 13.Bd3 Rc8 14.Qb1 axb5 15.
Rxa8 Bxa8 16.O-O f5 17.Nd2 Nf6 18.e4 Nc6 19.Nf3 fxe4 20.Bxe4 Nxd4 21.Bxa8 
Rxa8 22.Nxd4 Qxd4 23.Be3 Qb4 24.Rc1 Nd5 25.Bc5 Qg4 26.h3 Qg5 27.Rd1 Rc8 
28.Bd6 Rc6 29.Bg3 h6 30.Kh2 h5 31.Qe4 Rc4 32.Rd4 Rxd4 33.Qxd4 Kh7 34.Qd3+ 
1/2-1/2

[Event "16th Unive op"]
[Site "Hoogeveen NED"]
[Date "2012.10.20"]
[Round "2.22"]
[White "Bosboom, Manuel"]
[Black "Timmermans, Ivo"]
[Result "1/2-1/2"]
[WhiteElo "2402"]
[BlackElo "2254"]
[EventDate "2012.10.19"]
[PlyCount "108"]

1.d4 d5 2.Nf3 c6 3.c4 Nf6 4.Nc3 dxc4 5.a4 Na6 6.e4 Bg4 7.Bxc4 Bxf3 8.Qxf3 
Nb4 9.O-O Qxd4 10.b3 e6 11.Rd1 Qe5 12.a5 Be7 13.h3 O-O 14.Bf4 Qh5 15.g4 
Qg6 16.Qg2 Rfd8 17.Bc7 Rdc8 18.Be5 b5 19.axb6 axb6 20.Rxa8 Rxa8 21.f4 Rc8 
22.Kh1 b5 23.Be2 Ne8 24.f5 Qg5 25.Qf3 Bc5 26.Bf4 Qe7 27.e5 f6 28.Ne4 Nd5 
29.fxe6 Nxf4 30.Qxf4 Bb6 31.g5 fxe5 32.Qxe5 Bc7 33.Qf5 Nd6 34.Rxd6 Bxd6 
35.Nf6+ gxf6 36.gxf6 Qf8 37.e7 Bxe7 38.Qe6+ Qf7 39.Qxc8+ Bf8 40.Qxc6 Qxb3 
41.Kg2 Qe3 42.Qd5+ Kh8 43.Bxb5 Qh6 44.Qe5 Qd2+ 45.Be2 Qd6 46.Qf5 Qc6+ 47.
Bf3 Qc5 48.Bd5 Qe3 49.h4 Qe2+ 50.Kh3 Qe3+ 51.Bf3 Qc5 52.Qe6 Qf2 53.Bg2 Qf4
54.Bd5 Qf1+ 1/2-1/2

[Event "16th Unive op"]
[Site "Hoogeveen NED"]
[Date "2012.10.20"]
[Round "2.24"]
[White "Hoffman, Ron"]
[Black "Nijboer, Friso"]
[Result "0-1"]
[WhiteElo "2107"]
[BlackElo "2525"]
[EventDate "2012.10.19"]
[PlyCount "110"]

1.d4 f5 2.e4 fxe4 3.Nc3 Nf6 4.Bg5 Nc6 5.d5 Ne5 6.Qe2 c6 7.O-O-O Nf7 8.h4 
cxd5 9.Nxd5 e6 10.Nc3 Qa5 11.Bxf6 gxf6 12.Qxe4 f5 13.Qe3 Bh6 14.f4 Qe5 15.
Qxe5 Nxe5 16.Nh3 Ng4 17.Re1 Bg7 18.Nd5 O-O 19.Nc7 Rb8 20.Nb5 a6 21.Nd6 b5 
22.Be2 Bb7 23.Nxb7 Rxb7 24.Bf3 Rc7 25.Re2 Bd4 26.Rd1 Bc5 27.g3 Nf6 28.Nf2 
Bxf2 29.Rxf2 d5 30.Re2 Kf7 31.Re3 Rg8 32.Bh1 Rc6 33.Rd4 Ne4 34.Bxe4 fxe4 
35.a4 Rc4 36.Rxc4 bxc4 37.Kd2 Kf6 38.b3 cxb3 39.Rxb3 h5 40.a5 Kf5 41.Ke2 
Rc8 42.c3 Rc5 43.Ke3 Rxa5 44.Rb8 Ra3 45.Kd2 Kg4 46.Re8 Kxg3 47.Rxe6 Kxf4 
48.Rf6+ Kg4 49.Rd6 Ra5 50.Ke3 Kxh4 51.Kf4 Rc5 52.Rxa6 Rxc3 53.Ra1 Rf3+ 54.
Ke5 Kg3 55.Kxd5 e3 0-1

[Event "16th Unive op"]
[Site "Hoogeveen NED"]
[Date "2012.10.20"]
[Round "2.25"]
[White "Afek, Yochanan"]
[Black "Slingerland, Caroline"]
[Result "1-0"]
[WhiteElo "2312"]
[BlackElo "2103"]
[EventDate "2012.10.19"]
[PlyCount "133"]

1.c4 Nf6 2.Nc3 g6 3.g3 Bg7 4.Bg2 O-O 5.Nf3 d6 6.d4 c6 7.O-O Qa5 8.d5 Qb4 
9.Qb3 Qxb3 10.axb3 cxd5 11.cxd5 Na6 12.Nd4 Bd7 13.h3 Nb4 14.Rd1 Rfc8 15.e4
Ne8 16.Be3 a6 17.Na4 Bxa4 18.bxa4 Bxd4 19.Bxd4 Nc2 20.Rab1 Nxd4 21.Rxd4 
Nf6 22.h4 Rc2 23.Rb4 Ra7 24.Re1 Nd7 25.Re3 a5 26.Rb5 Nc5 27.b3 Kf8 28.g4 
Nd7 29.g5 Rc5 30.Bf1 b6 31.Rxc5 Nxc5 32.f4 Rc7 33.Bb5 e6 34.Bc6 exd5 35.
Bxd5 Re7 36.Kf2 Kg7 37.Re2 f6 38.Kf3 h6 39.gxf6+ Kxf6 40.Rd2 Rg7 41.Bc4 
Ke7 42.Rd5 Nd7 43.Rb5 Kd8 44.Rd5 Ke7 45.Rd1 Nc5 46.Rg1 Kf6 47.Bd5 Nd3 48.
Ke3 Nc5 49.Kd4 Re7 50.Re1 g5 51.fxg5+ hxg5 52.Rf1+ Kg6 53.Rg1 Re5 54.Rxg5+
Rxg5 55.hxg5 Kxg5 56.e5 Kf5 57.exd6 Nd7 58.Kc4 Nf8 59.Kb5 Ke5 60.Bg2 Kxd6 
61.Kxb6 Ne6 62.Kxa5 Kc7 63.b4 Nd4 64.Ka6 Nb3 65.Ka7 Nd2 66.Bd5 Nb1 67.b5 
1-0

[Event "16th Unive op"]
[Site "Hoogeveen NED"]
[Date "2012.10.20"]
[Round "2.29"]
[White "Henseler, Jorgen"]
[Black "Go, Benjamin"]
[Result "1-0"]
[WhiteElo "2062"]
[BlackElo "2175"]
[EventDate "2012.10.19"]
[PlyCount "57"]

1.e4 d6 2.d4 Nf6 3.Nc3 g6 4.f4 Bg7 5.Nf3 c5 6.e5 Nfd7 7.e6 fxe6 8.Ng5 Nf6 
9.dxc5 Nc6 10.Bb5 O-O 11.Bxc6 bxc6 12.O-O Nd5 13.Nce4 e5 14.fxe5 Bxe5 15.
c3 Ba6 16.Rf3 Qd7 17.Qe1 h6 18.Rxf8+ Rxf8 19.Nf3 Qg4 20.Nf2 Qf5 21.Bxh6 
Rf6 22.Qe4 Bxh2+ 23.Kxh2 Qh5+ 24.Kg1 Qxh6 25.Ng4 Qh5 26.Nxf6+ Nxf6 27.Qe6+
Kf8 28.cxd6 Qc5+ 29.Nd4 1-0

[Event "16th Unive op"]
[Site "Hoogeveen NED"]
[Date "2012.10.20"]
[Round "2.30"]
[White "Haver, Bas"]
[Black "Veinberg, Nimrod"]
[Result "1/2-1/2"]
[WhiteElo "2044"]
[BlackElo "2170"]
[EventDate "2012.10.19"]
[PlyCount "57"]

1.e4 e5 2.Nf3 Nc6 3.Bb5 a6 4.Ba4 Nf6 5.O-O Nxe4 6.d4 b5 7.Bb3 d5 8.dxe5 
Be6 9.c3 Be7 10.Nbd2 Nc5 11.Bc2 Bg4 12.Re1 O-O 13.Nb3 Ne6 14.Qd3 g6 15.Bh6
Re8 16.Qe3 a5 17.Nfd4 Nexd4 18.Nxd4 Nxd4 19.cxd4 Qd7 20.b3 Bf5 21.Rac1 
Bxc2 22.Rxc2 Rac8 23.Rec1 c6 24.Qd2 a4 25.Bg5 Bf8 26.Bh6 Be7 27.Bg5 Bf8 
28.Bh6 Be7 29.Bg5 1/2-1/2

[Event "16th Unive op"]
[Site "Hoogeveen NED"]
[Date "2012.10.20"]
[Round "2.31"]
[White "Van der Lende, Ilias"]
[Black "Voss, Herman"]
[Result "1-0"]
[WhiteElo "2169"]
[BlackElo "2015"]
[EventDate "2012.10.19"]
[PlyCount "57"]

1.e4 c5 2.c3 d5 3.exd5 Qxd5 4.d4 Nf6 5.Nf3 Bg4 6.Nbd2 e6 7.Qa4+ Nc6 8.Bc4 
Qd6 9.Bb5 Bxf3 10.Nxf3 Nd7 11.Be3 Qc7 12.Ne5 Ndxe5 13.dxe5 Be7 14.Bxc6+ 
bxc6 15.O-O O-O 16.f4 Rad8 17.Qe4 Rd5 18.c4 Rd7 19.f5 exf5 20.Rxf5 g6 21.
Rf2 f5 22.exf6 Rxf6 23.Rxf6 Bxf6 24.Qe6+ Kg7 25.Rf1 Bd4 26.Bxd4+ Rxd4 27.
Qf6+ Kh6 28.Rf3 Rd1+ 29.Kf2 1-0

[Event "16th Unive op"]
[Site "Hoogeveen NED"]
[Date "2012.10.20"]
[Round "2.32"]
[White "Klapwijk, Bram"]
[Black "Van der Raaf, Erik"]
[Result "1/2-1/2"]
[WhiteElo "2039"]
[BlackElo "2163"]
[EventDate "2012.10.19"]
[PlyCount "68"]

1.e4 c5 2.Nc3 e6 3.f4 d5 4.Nf3 dxe4 5.Nxe4 Nf6 6.Bb5+ Bd7 7.Bxd7+ Nbxd7 8.
d3 Qc7 9.Qe2 Be7 10.O-O O-O 11.Nfg5 h6 12.Nxf6+ Nxf6 13.Ne4 Qc6 14.Qf3 Kh8
15.f5 Rad8 16.Nxf6 Qxf3 17.Rxf3 Bxf6 18.fxe6 fxe6 19.c3 Rd5 20.Kf2 Kh7 21.
Ke2 Rfd8 22.Bd2 c4 23.d4 e5 24.Rf5 Kg6 25.Raf1 exd4 26.Rxd5 Rxd5 27.cxd4 
Bxd4 28.Rc1 b5 29.Bc3 Kf5 30.Bxd4 Rxd4 31.Rf1+ Rf4 32.Rd1 Ke6 33.Rd8 Rf7 
34.Rb8 a6 1/2-1/2

[Event "16th Unive op"]
[Site "Hoogeveen NED"]
[Date "2012.10.20"]
[Round "2.33"]
[White "Vogel, Jaap"]
[Black "Vos, Tjark"]
[Result "1/2-1/2"]
[WhiteElo "2158"]
[BlackElo "2003"]
[EventDate "2012.10.19"]
[PlyCount "47"]

1.d4 c5 2.d5 Nf6 3.c4 e6 4.Nc3 exd5 5.cxd5 d6 6.Nf3 g6 7.g3 Bg7 8.Bg2 O-O 
9.O-O a6 10.a4 Nbd7 11.Bf4 Qc7 12.Qd2 Re8 13.Bh6 Bh8 14.h3 Rb8 15.Ng5 b5 
16.axb5 axb5 17.Nce4 Nb6 18.Qf4 Nbxd5 19.Qxd6 Nxe4 20.Nxe4 Qxd6 21.Nxd6 
Rd8 22.Bxd5 Rxd6 23.Rfd1 Be5 24.Be3 1/2-1/2

[Event "16th Unive op"]
[Site "Hoogeveen NED"]
[Date "2012.10.20"]
[Round "2.34"]
[White "Van 't Hof, Eric"]
[Black "Van der Lende, Nathalie"]
[Result "1-0"]
[WhiteElo "2137"]
[BlackElo "1968"]
[EventDate "2012.10.19"]
[PlyCount "61"]

1.d4 Nf6 2.c4 c5 3.d5 b5 4.cxb5 a6 5.bxa6 Bxa6 6.Nc3 d6 7.Nf3 g6 8.e4 Bxf1
9.Kxf1 Bg7 10.g3 Nbd7 11.Kg2 O-O 12.a4 Ra6 13.Qc2 Qa8 14.Bg5 Rb8 15.b3 Rb4
16.Nd2 e6 17.dxe6 fxe6 18.Rhe1 d5 19.Rab1 Ng4 20.f3 Nge5 21.Bf4 Nc6 22.
exd5 Nd4 23.Qd3 exd5 24.Nxd5 Qxd5 25.Qxa6 g5 26.Qd6 Qf5 27.Re8+ Nf8 28.Be3
Nxf3 29.Rf1 g4 30.Nxf3 Qc2+ 31.Nd2 1-0

[Event "16th Unive op"]
[Site "Hoogeveen NED"]
[Date "2012.10.20"]
[Round "2.36"]
[White "Sadallah, Osama"]
[Black "Kolodkin, Daniil"]
[Result "1-0"]
[WhiteElo "2126"]
[BlackElo "1943"]
[EventDate "2012.10.19"]
[PlyCount "57"]

1.d4 Nf6 2.c4 g6 3.Nc3 d5 4.Nf3 Bg7 5.Bg5 c6 6.Bxf6 Bxf6 7.cxd5 cxd5 8.Qb3
e6 9.e3 Nc6 10.Bb5 Bd7 11.O-O O-O 12.Bxc6 Bxc6 13.a4 Qb6 14.Nd2 Be7 15.Qc2
Rac8 16.Nf3 Rfd8 17.Ne5 Be8 18.Qe2 Bb4 19.Rfc1 f6 20.Nd3 Bxc3 21.bxc3 Rc4 
22.Qf3 Kg7 23.Rab1 Qc6 24.h4 b6 25.h5 gxh5 26.Nf4 Rxa4 27.c4 Qd7 28.cxd5 
exd5 29.Rc7 1-0

[Event "16th Unive op"]
[Site "Hoogeveen NED"]
[Date "2012.10.20"]
[Round "2.37"]
[White "Van Foreest, Lucas"]
[Black "Stavast, Dick"]
[Result "1-0"]
[WhiteElo "1952"]
[BlackElo "2125"]
[EventDate "2012.10.19"]
[PlyCount "103"]

1.e4 e5 2.Nf3 Nc6 3.Bb5 Nf6 4.O-O Nxe4 5.Re1 Nd6 6.Bxc6 dxc6 7.Rxe5+ Be7 
8.d4 O-O 9.c3 Bf6 10.Re1 Bg4 11.Bf4 Qd7 12.Nbd2 Rae8 13.Qa4 Qf5 14.Bxd6 
cxd6 15.Qxa7 Rxe1+ 16.Rxe1 Qc8 17.Qb6 Be6 18.a3 h6 19.c4 Bd8 20.Qb4 c5 21.
Qc3 Bf6 22.Ne4 Bxd4 23.Nxd4 cxd4 24.Qxd4 Qxc4 25.Qxc4 Bxc4 26.Nxd6 Bd5 27.
f3 Rd8 28.Ne4 Kf8 29.Kf2 f5 30.Nc5 Kf7 31.Rd1 Ke7 32.b4 g5 33.b5 b6 34.Na4
Bc4 35.Rxd8 Kxd8 36.Nxb6 Bxb5 37.Ke3 Ke7 38.Nd5+ Kd6 39.Kd4 Bc6 40.Ne3 Ke6
41.Kc5 Ba8 42.a4 h5 43.h3 f4 44.Nc2 g4 45.hxg4 hxg4 46.Nd4+ Kd7 47.a5 Bb7 
48.Kb6 Ba8 49.a6 Kd6 50.a7 Kd7 51.fxg4 Bxg2 52.Ne2 1-0